Opposite - Statistics

General Stats
  • This quiz has been taken 2 times
  • The average score is 216 of 292
Answer Stats
Answer % Correct
a
100%
and
100%
And
100%
as
100%
but
100%
change
100%
compliment
100%
do
100%
even
100%
feel
100%
happy
100%
her
100%
I
100%
i
100%
If
100%
if
100%
it
100%
kinda
100%
know
100%
like
100%
look
100%
looks
100%
me
100%
not
100%
nothing
100%
now
100%
Now
100%
opposite
100%
She
100%
she
100%
so
100%
So
100%
take
100%
the
100%
to
100%
tryna
100%
Tryna
100%
when
100%
why
100%
you
100%
You
100%
anyway
50%
are
50%
be
50%
beautiful
50%
being
50%
brown
50%
can
50%
can't
50%
Can't
50%
care
50%
cause
50%
contacts
50%
could
50%
don't
50%
end
50%
eyes
50%
Face
50%
feelin'
50%
find
50%
get
50%
girl
50%
good
50%
guess
50%
have
50%
i'm
50%
in
50%
it's
50%
just
50%
Just
50%
knew
50%
love
50%
notice
50%
of
50%
Oh
50%
other
50%
out
50%
painting
50%
Paris
50%
picture
50%
public
50%
really
50%
reply
50%
Said
50%
say
50%
see
50%
should
50%
somehow
50%
tell
50%
that
50%
think
50%
tried
50%
type
50%
up
50%
wanted
50%
was
50%
with
50%
wondering
50%
would
50%
you'd
50%
you're
50%
all
0%
bathe
0%
Does
0%
feeling
0%
holding
0%
lied
0%
more
0%
on
0%
spotlight
0%
step
0%
than
0%
top
0%
were
0%
No matching quizzes found
Score Distribution
Percent of People with Each Score
Percentile by Number Answered
Your Score History
You have not taken this quiz